Die 10 Länder mit den meisten Muttersprachlern von Englisch - Statistiken

Allgemein
  • Dieses Quiz wurde 327 mal gespielt
  • Das Durchschnittsergebnis liegt bei 7 aus 15
Antwortstatistiken
Sprecher Land % Korrekt
210 Mio. Vereinigte Staaten
99%
60 Mio. Vereinigtes Königreich
94%
16 Mio. Australien
91%
20 Mio. Kanada
90%
4 Mio. Irland
86%
3 Mio. Neuseeland
83%
320.000 Indien
64%
3,5 Mio. Südafrika
58%
227.000 Singapur
22%
170.000 Belize
17%
50.000 Papua-Neuguinea
11%
375.000 Simbabwe
9%
41.000 Sambia
8%
4,5 Mio. Uganda
5%
69.000 Liberia
3%
Keine übereinstimmenden Quizze gefunden
Verteilung der Resultate
Anzahl Personen mit jedem Resultat
Perzentil nach korrekt beantworteten Fragen
Ihre Resultats-Entwicklung
Sie haben dieses Quiz noch nicht gespielt